LEADER 00712nam0-22002651i-450- 001 990001011360403321 035 $a000101136 035 $aFED01000101136 035 $a(Aleph)000101136FED01 035 $a000101136 100 $a20000920d1980----km-y0itay50------ba 101 0 $aeng 200 1 $aAspects of Energy$fIiasa report 210 $aLaxenburg$cInternational Institute for Applied Systems Analysis$d1980 225 1 $aIIASA Reports$v1 610 0 $aProblemi energetici 676 $a00-09 801 0$aIT$bUNINA$gRICA$2UNIMARC 901 $aBK 912 $a990001011360403321 952 $a1H-067$b12778$fFI1 959 $aFI1 996 $aAspects of Energy$9354937 997 $aUNINA DB $aING01 LEADER 01319nam0-2200313 --450 001 9910280753703321 005 20180727093253.0 100 $a20180727d1978----kmuy0itay5050 ba 101 1 $afre$cita 102 $aFR 105 $ay 001yy 200 1 $a<>Livre de l'art ou Traité de la peinture$fpar Cennino Cennini$gmis en lumiere pour la premiere fois avec des notes par le chevalier G. Tambroni$gtraduit par Victor Mottez 205 $aNouvelle ed. augmentée [...]$bprecedée d'une lettre d'Auguste Renoir$bet d'une preface inedite du traducteur$bsuivie de notes et d'eclarissements sur la fresque$fpar Victor Mottez 210 $aParis$cF. De Nobele$d1978 215 $aXXXIX, 189 p.$d26 cm 324 $aRistampa dell'ed.: Paris : L. Rouart et J. Watelin, [1923?] 454 0$12001$a<>libro dell'arte o Trattato della pittura$9306130 610 0 $aCennini, Cennino <1370-1427>. Il libro dell'arte 676 $a751.4$v22$zita 700 1$aCennini,$bCennino$036249 702 1$aTambroni,$bGiuseppe$f<1773-1824> 702 1$aMottez,$bVictor$f<1809-1897> 801 0$aIT$bUNINA$gREICAT$2UNIMARC 901 $aBK 912 $a9910280753703321 952 $a751.4 CEN 2$bBibl. 2018$fFLFBC 959 $aFLFBC 996 $aLibro dell'arte o trattato della pittura$9306130 997 $aUNINA LEADER 03933nam 2200637 a 450 001 9910779732903321 005 20230721010839.0 010 $a3-11-032840-2 024 7 $a10.1515/9783110328400 035 $a(CKB)2550000001097085 035 $a(EBL)1209325 035 $a(OCoLC)851971920 035 $a(SSID)ssj0000801268 035 $a(PQKBManifestationID)11494175 035 $a(PQKBTitleCode)TC0000801268 035 $a(PQKBWorkID)10773410 035 $a(PQKB)11667460 035 $a(MiAaPQ)EBC1209325 035 $a(DE-B1597)211795 035 $a(OCoLC)852655925 035 $a(OCoLC)853237536 035 $a(DE-B1597)9783110328400 035 $a(Au-PeEL)EBL1209325 035 $a(CaPaEBR)ebr10728596 035 $a(CaONFJC)MIL503619 035 $a(EXLCZ)992550000001097085 100 $a20130716d2008 uy 0 101 0 $aeng 135 $aur|n|---||||| 181 $ctxt 182 $cc 183 $acr 200 00$aApplied process thought$b[electronic resource] $hI$iInitial explorations in theory and research /$fMark Dibben & Thomas Kelly (eds.) 210 $aFrankfurt $cOntos Verlag$d2008 215 $a1 online resource (400 p.) 225 0 $aProcess Thought ;$v16 225 0$aProcess thought ;$vv. 16 300 $aDescription based upon print version of record. 311 $a3-11-032804-6 311 $a1-299-72368-3 320 $aIncludes bibliographical references. 327 $t Frontmatter -- $tContents -- $tContributors -- $tForeword / $rGreene, Herman -- $tPreface / $rGunter, Pete A.Y. -- $tAcknowledgements -- $tIntroduction: What is Applied Process Thought? / $rDibben, Mark R. / Kelly, Thomas A.F. -- $tI. Unifying Process Philosophy: Secular Metaphysics and Fragmentary Influences / $rMcLaren, Glenn -- $tII. Unity Through Divergence / $rStengers, Isabelle -- $tIII. Mediating the Divide: Process Philosophy between the Two Cultures / $rRobinson, Keith -- $tIV. From Grown Organism to Organic Growth / $rWeber, Michel -- $tV. A Whiteheadian Critical Theory / $rMoore, Duston -- $tVI. A Whiteheadian Perspective on Nature and Freedom / $rHerstein, Gary -- $tVII. A Whiteheadian Metaphysics of Light / $rOgrodnik, Bogdan -- $tVIII. Water as a Metaphoric Model in Process Thought / $rEngberts, Jan B.F.N. -- $tIX. Explaining the Processual Behaviour of a Cell / $rDelafield-Butt, Jonathan T. -- $tX. Enzymes as Ecosystems: A Panexperientialist Account of Biocatalytic Chemical Transformations / $rStein, Ross L. -- $tXI. The Embodied Mind and Inter-Subjectivity: Reflections on Autism / $rHarpur, John -- $tXII. Social Science Contributions to the Love-And-Science Symbiosis / $rOord, Thomas Jay -- $tXIII. Understanding Organizations as Whiteheadian Societies / $rDibben, Mark R. -- $tXIV. Facts and Events: Whiteheadian Philosophy of History / $rDesmond, William -- $tXV. Process Philosophy and Ecological Ethics / $rGare, Arran -- $tTable of Contents -- $tProcess Thought 330 $aConcentrating mainly on the process philosophy developed by Alfred North Whitehead, this series of essays brings together some of the newest developments in the application of process thinking to the physical and social sciences. These essays, by established scholars in the field, demonstrate how a wider and deeper understanding of the world can be obtained using process philosophical concepts, how the distortions and blockages inevitably inherent in substantivist talk can be set aside, and how new and fertile lines of research in the sciences can be opened as a result. 410 0$aProcess Thought 606 $aProcess philosophy 615 0$aProcess philosophy. 676 $a100 701 $aDibben$b Mark$01499416 701 $aKelly$b Thomas$0156691 801 0$bMiAaPQ 801 1$bMiAaPQ 801 2$bMiAaPQ 906 $aBOOK 912 $a9910779732903321 996 $aApplied process thought$93725427 997 $aUNINA